Catalog

Record Details

Catalog Search



Available copies

  • 1 of 1 copy available at LARL/NWRL Consortium.
  • 1 of 1 copy available at Northwest Regional Library. (Show preferred library)

Current holds

0 current holds with 1 total copy.

Show Only Available Copies
Location Call Number / Copy Notes Barcode Shelving Location Status Due Date
Godel Memorial-Warren Library DVD STA (Text) 35500003971106 Main Available -

Record details

  • ISBN: 0792189086 (set)
  • ISBN: 9780792189084 (set)
  • Physical Description: 1 videodisc (ca. 180 min.) : sd., col. ; 4 3/4 in.
  • Publisher: [Hollywood, Calif.] : Paramount Home Video, 2003.

Content descriptions

General Note:
Title supplied by cataloger.
Originally produced for television broadcast in 1996.
Formatted Contents Note:
Episode 493, aired 04.29.1996. The muse -- Episode ... Read More
Participant or Performer Note:
Avery Brooks, Rene Auberjonois, Nicole de Boer, ... Read More
Summary, etc.:
Disc six of a seven disc set collecting the ... Read More
Target Audience Note:
MPAA rating: Not rated.
System Details Note:
DVD, region 1, full screen presentation; Dolby ... Read More
Language Note:
Closed-captioned.
Subject: Interstellar travel > Drama.
Human-alien encounters > Drama.
Space stations > Drama.
Genre: DVDs.
Television programs.
Science fiction television programs.
Video recordings for the hearing impaired.
LDR 02338cgm a2200541Ia 4500
00176075
003LARL_NWRL_CONSORTIUM
00520070122143429.0
007vd cvaizq
008031215p20031996cau180 g vleng d
020 . ‡a0792189086 (set)
020 . ‡a9780792189084 (set)
02842. ‡a05895 (set) ‡bParamount
035 . ‡a(OCoLC)53909139
040 . ‡aDMM ‡cDMM ‡dNRG
24500. ‡aStar trek, Deep Space Nine. ‡nSeason 4, ‡pDisc 6 ‡h[DVD/videorecording] / ‡cParamount Pictures.
260 . ‡a[Hollywood, Calif.] : ‡bParamount Home Video, ‡c2003.
300 . ‡a1 videodisc (ca. 180 min.) : ‡bsd., col. ; ‡c4 3/4 in.
538 . ‡aDVD, region 1, full screen presentation; Dolby Digital.
546 . ‡aClosed-captioned.
500 . ‡aTitle supplied by cataloger.
5111 . ‡aAvery Brooks, Rene Auberjonois, Nicole de Boer, Michael Dorn, Terry Farrell, Cirroc Lofton, Colm Meaney, Armin Shimerman, Alexander Siddig, Nana Visitor.
500 . ‡aOriginally produced for television broadcast in 1996.
5218 . ‡aMPAA rating: Not rated.
520 . ‡aDisc six of a seven disc set collecting the original broadcast episodes from the fourth season of Star trek, Deep Space Nine.
50500. ‡gEpisode 493, aired 04.29.1996. ‡tThe muse -- ‡gEpisode 494, aired 05.06.1996. ‡tFor the cause -- ‡gEpisode 496, aired 05.13.1996. ‡tTo the death -- ‡gEpisode 495, aired 05.20.1996. ‡tThe quickening.
650 0. ‡aInterstellar travel ‡vDrama.
650 0. ‡aHuman-alien encounters ‡vDrama.
650 0. ‡aSpace stations ‡vDrama.
655 0. ‡aDVDs.
655 0. ‡aTelevision programs. ‡0(LARL_NWRL_CONSORTIUM)175822
655 0. ‡aScience fiction television programs. ‡0(LARL_NWRL_CONSORTIUM)175696
655 0. ‡aVideo recordings for the hearing impaired. ‡0(LARL_NWRL_CONSORTIUM)175744
7001 . ‡aBrooks, Avery. ‡0(LARL_NWRL_CONSORTIUM)140922
7001 . ‡aAuberjonois, René, ‡d1940- ‡0(LARL_NWRL_CONSORTIUM)105112
7001 . ‡aDeBoer, Nicole, ‡d1970- ‡0(LARL_NWRL_CONSORTIUM)217298
7001 . ‡aDorn, Michael. ‡0(LARL_NWRL_CONSORTIUM)111788
7001 . ‡aFarrell, Terry, ‡d1963- ‡0(LARL_NWRL_CONSORTIUM)212375
7001 . ‡aLofton, Cirroc, ‡d1978- ‡0(LARL_NWRL_CONSORTIUM)212376
7001 . ‡aMeaney, Colm, ‡d1953- ‡0(LARL_NWRL_CONSORTIUM)206501
7001 . ‡aShimerman, Armin. ‡0(LARL_NWRL_CONSORTIUM)143415
7001 . ‡aSiddig, Alexander, ‡d1965- ‡0(LARL_NWRL_CONSORTIUM)205446
7001 . ‡aVisitor, Nana. ‡0(LARL_NWRL_CONSORTIUM)125597
7102 . ‡aParamount Pictures Corporation. ‡0(LARL_NWRL_CONSORTIUM)57097
7102 . ‡aParamount Home Video (Firm) ‡0(LARL_NWRL_CONSORTIUM)95035
901 . ‡a76075 ‡bOCLC ‡c76075 ‡tbiblio

Additional Resources